<?xml version="1.0" encoding="UTF-8"?>
<record
    xmlns:xsi="http://www.w3.org/2001/XMLSchema-instance"
    xsi:schemaLocation="http://www.loc.gov/MARC21/slim http://www.loc.gov/standards/marcxml/schema/MARC21slim.xsd"
    xmlns="http://www.loc.gov/MARC21/slim">

  <leader>00615nam a22001817a 4500</leader>
  <controlfield tag="008">171116b        xxu||||| |||| 00| 0 eng d</controlfield>
  <datafield tag="020" ind1=" " ind2=" ">
    <subfield code="a">978996611455</subfield>
  </datafield>
  <datafield tag="020" ind1=" " ind2=" ">
    <subfield code="a">9966882057</subfield>
  </datafield>
  <datafield tag="050" ind1=" " ind2=" ">
    <subfield code="a"> AFR PR 9381.9 .O36R5 2017</subfield>
  </datafield>
  <datafield tag="100" ind1=" " ind2=" ">
    <subfield code="a">Ogola, Margaret A.</subfield>
  </datafield>
  <datafield tag="245" ind1=" " ind2=" ">
    <subfield code="a">The river and the source /</subfield>
    <subfield code="c">Margaret A. Ogola.</subfield>
  </datafield>
  <datafield tag="260" ind1=" " ind2=" ">
    <subfield code="a">Nairobi :</subfield>
    <subfield code="b">Focus Publishers, </subfield>
    <subfield code="c">2017.</subfield>
  </datafield>
  <datafield tag="300" ind1=" " ind2=" ">
    <subfield code="a">308p. ;</subfield>
    <subfield code="c">18cm.</subfield>
  </datafield>
  <datafield tag="504" ind1=" " ind2=" ">
    <subfield code="a">Include Bibliographic ref.</subfield>
  </datafield>
  <datafield tag="650" ind1=" " ind2=" ">
    <subfield code="a">Kenyan woman</subfield>
    <subfield code="x">Novel</subfield>
  </datafield>
  <datafield tag="650" ind1=" " ind2=" ">
    <subfield code="a">African Literature </subfield>
    <subfield code="z">Kenya</subfield>
  </datafield>
  <datafield tag="942" ind1=" " ind2=" ">
    <subfield code="2">lcc</subfield>
    <subfield code="c">AFRICANA</subfield>
    <subfield code="h"> AFR PR 9381.9 .O36R5 2017</subfield>
    <subfield code="0">15</subfield>
  </datafield>
  <datafield tag="999" ind1=" " ind2=" ">
    <subfield code="c">29175</subfield>
    <subfield code="d">29175</subfield>
  </datafield>
  <datafield tag="952" ind1=" " ind2=" ">
    <subfield code="0">0</subfield>
    <subfield code="1">0</subfield>
    <subfield code="2">lcc</subfield>
    <subfield code="4">0</subfield>
    <subfield code="7">0</subfield>
    <subfield code="a">MUC</subfield>
    <subfield code="b">MUC</subfield>
    <subfield code="c">AFR</subfield>
    <subfield code="d">2017-11-16</subfield>
    <subfield code="e">Purchase (UNES)</subfield>
    <subfield code="g">500.00</subfield>
    <subfield code="l">42</subfield>
    <subfield code="m">1</subfield>
    <subfield code="o"> AFR PR9381.O36 2017</subfield>
    <subfield code="p">37225</subfield>
    <subfield code="r">2025-11-20</subfield>
    <subfield code="s">2025-11-20</subfield>
    <subfield code="w">2017-11-16</subfield>
    <subfield code="y">AFRICANA</subfield>
  </datafield>
  <datafield tag="952" ind1=" " ind2=" ">
    <subfield code="0">0</subfield>
    <subfield code="1">0</subfield>
    <subfield code="2">lcc</subfield>
    <subfield code="4">0</subfield>
    <subfield code="7">0</subfield>
    <subfield code="a">MUC</subfield>
    <subfield code="b">MUC</subfield>
    <subfield code="c">AFR</subfield>
    <subfield code="d">2017-11-16</subfield>
    <subfield code="e">Purchase (UNES)</subfield>
    <subfield code="g">500.00</subfield>
    <subfield code="l">89</subfield>
    <subfield code="o">AFR PR9381.O36 2017</subfield>
    <subfield code="p">37237</subfield>
    <subfield code="r">2026-04-13</subfield>
    <subfield code="s">2026-04-13</subfield>
    <subfield code="w">2017-11-16</subfield>
    <subfield code="y">AFRICANA</subfield>
  </datafield>
  <datafield tag="952" ind1=" " ind2=" ">
    <subfield code="0">0</subfield>
    <subfield code="1">0</subfield>
    <subfield code="2">lcc</subfield>
    <subfield code="4">0</subfield>
    <subfield code="7">0</subfield>
    <subfield code="a">MUC</subfield>
    <subfield code="b">MUC</subfield>
    <subfield code="c">AFR</subfield>
    <subfield code="d">2019-01-14</subfield>
    <subfield code="e">Donation (EYS)</subfield>
    <subfield code="g">500.00</subfield>
    <subfield code="l">89</subfield>
    <subfield code="o">PR9381.O36 2017</subfield>
    <subfield code="p">38512</subfield>
    <subfield code="r">2026-04-10</subfield>
    <subfield code="s">2026-04-10</subfield>
    <subfield code="y">AFRICANA</subfield>
  </datafield>
</record>
